Strategic supply management: principles, theories and practice (Record no. 76868)

MARC details
000 -LEADER
fixed length control field 01700nam a2200289 a 4500
008 - FIXED-LENGTH DATA ELEMENTS--GENERAL INFORMATION
fixed length control field 100723s2008 ||||||||||||||||| || u
020 ## - INTERNATIONAL STANDARD BOOK NUMBER
International Standard Book Number 9780273651000
050 ## - LIBRARY OF CONGRESS CALL NUMBER
Classification number HD 30.28 Str
100 ## - MAIN ENTRY--PERSONAL NAME
Personal name Cousins, Paul
245 10 - TITLE STATEMENT
Title Strategic supply management: principles, theories and practice
Statement of responsibility, etc. by Paul Cousins, Richard Lamming, Benn Lawson, Brian Squire
260 ## - PUBLICATION, DISTRIBUTION, ETC.
Place of publication, distribution, etc. Harlow, England:
Name of publisher, distributor, etc. FT Prentice Hall
Date of publication, distribution, etc. 2008
300 ## - PHYSICAL DESCRIPTION
Extent xxvii, 308p.: ill.
350 ## -
-- 0.00
650 #0 - SUBJECT ADDED ENTRY--TOPICAL TERM
Topical term or geographic name entry element STRATEGIC PLANNING
650 #0 - SUBJECT ADDED ENTRY--TOPICAL TERM
Topical term or geographic name entry element BUSINESS--LOGISTICS
650 #0 - SUBJECT ADDED ENTRY--TOPICAL TERM
Topical term or geographic name entry element INDUSTRIAL PROCUREMENT--MANAGEMENT
650 ## - SUBJECT ADDED ENTRY--TOPICAL TERM
Topical term or geographic name entry element MATERIALS MANAGEMENT
650 #0 - SUBJECT ADDED ENTRY--TOPICAL TERM
Topical term or geographic name entry element MANAGEMENT
700 ## - ADDED ENTRY--PERSONAL NAME
Personal name Lawson, Benn
700 ## - ADDED ENTRY--PERSONAL NAME
Personal name Lamming, Richard
995 ## -
-- TEXTBOOKS (SB)
-- 0.00
-- 03007808
-- CBU-SCHOOL TEXTBOOK COLLECTIONS
-- 1
-- 0.00
-- SCHOOL TEXTBOOK
-- 2
-- AVAILABLE
-- May 11, 2011
-- Z03007808
-- School Collections
995 ## -
-- TEXTBOOKS (SB)
-- 0.00
-- 03007811
-- CBU-SCHOOL TEXTBOOK COLLECTIONS
-- 1
-- 0.00
-- SCHOOL TEXTBOOK
-- 5
-- AVAILABLE
-- May 11, 2011
-- Z03007811
-- School Collections
995 ## -
-- TEXTBOOKS (SB)
-- 0.00
-- 03007810
-- CBU-SCHOOL TEXTBOOK COLLECTIONS
-- 1
-- 0.00
-- SCHOOL TEXTBOOK
-- 4
-- AVAILABLE
-- May 11, 2011
-- Z03007810
-- School Collections
995 ## -
-- TEXTBOOKS (SB)
-- 0.00
-- 03007812
-- CBU-SCHOOL TEXTBOOK COLLECTIONS
-- 1
-- 0.00
-- SCHOOL TEXTBOOK
-- 6
-- AVAILABLE
-- May 11, 2011
-- Z03007812
-- School Collections
995 ## -
-- MAIN LIBRARY OPEN ACCESS
-- 0.00
-- 741397
-- CBU-MAIN LIBRARY (Kitwe)
-- 1
-- 0.00
-- HD 30.28 STR
-- 1
-- AVAILABLE
-- Aug 12, 2010
-- 741397
-- Main Library Open Access Collection
995 ## -
-- TEXTBOOKS (SB)
-- 0.00
-- 03007809
-- CBU-SCHOOL TEXTBOOK COLLECTIONS
-- 1
-- 0.00
-- SCHOOL TEXTBOOK
-- 3
-- AVAILABLE
-- May 11, 2011
-- Z03007809
-- School Collections
999 ## -
-- 76868
-- 76868
Holdings
Withdrawn status Lost status Source of classification or shelving scheme Damaged status Not for loan Permanent Location Current Location Shelving location Date acquired Total Checkouts Full call number Barcode Date last seen Copy number Price effective from Koha item type
          CBU-MAIN LIBRARY, KITWE. CBU-MAIN LIBRARY, KITWE.   04/25/2023   HD 30.28 STR 741397 04/25/2023 5 04/25/2023 MONOGRAPH
          CBU-SCHOOL TEXT BOOK COLLECTION CBU-SCHOOL TEXT BOOK COLLECTION   04/25/2023   SCHOOL TEXTBOOK Z03007808 04/25/2023 1 04/25/2023 MONOGRAPH
          CBU-SCHOOL TEXT BOOK COLLECTION CBU-SCHOOL TEXT BOOK COLLECTION   04/25/2023   SCHOOL TEXTBOOK Z03007811 04/25/2023 2 04/25/2023 MONOGRAPH
          CBU-SCHOOL TEXT BOOK COLLECTION CBU-SCHOOL TEXT BOOK COLLECTION   04/25/2023   SCHOOL TEXTBOOK Z03007810 04/25/2023 3 04/25/2023 MONOGRAPH
          CBU-SCHOOL TEXT BOOK COLLECTION CBU-SCHOOL TEXT BOOK COLLECTION   04/25/2023   SCHOOL TEXTBOOK Z03007812 04/25/2023 4 04/25/2023 MONOGRAPH
          CBU-SCHOOL TEXT BOOK COLLECTION CBU-SCHOOL TEXT BOOK COLLECTION   04/25/2023   SCHOOL TEXTBOOK Z03007809 04/25/2023 6 04/25/2023 MONOGRAPH